Media effects : (Record no. 31019)

MARC details
000 -LEADER
fixed length control field 03964aam a2200385 i 4500
001 - CONTROL NUMBER
control field 015284444
003 - CONTROL NUMBER IDENTIFIER
control field EG-ScBUE
005 - DATE AND TIME OF LATEST TRANSACTION
control field 20251126102906.0
008 - FIXED-LENGTH DATA ELEMENTS--GENERAL INFORMATION
fixed length control field 080319s2009 nyua f b 001 0 eng d
020 ## - INTERNATIONAL STANDARD BOOK NUMBER
International Standard Book Number 9780805864502 (pbk.)
020 ## - INTERNATIONAL STANDARD BOOK NUMBER
International Standard Book Number 0805864504 (pbk.)
035 ## - SYSTEM CONTROL NUMBER
System control number (OCoLC)ocn214322754
040 ## - CATALOGING SOURCE
Original cataloging agency DLC
Language of cataloging eng
Description conventions rda
Transcribing agency DLC
Modifying agency BAKER
-- YDXCP
-- BTCTA
-- C#P
-- CDX
-- BWX
-- SUC
-- IOJ
-- NLGGC
-- UPM
-- DLC
-- Uk
-- EG-ScBUE
043 ## - GEOGRAPHIC AREA CODE
Geographic area code n-us---
082 04 - DEWEY DECIMAL CLASSIFICATION NUMBER
Classification number 302.23
Edition number 22
Item number MED
245 00 - TITLE STATEMENT
Title Media effects :
Remainder of title advances in theory and research /
Statement of responsibility, etc edited by Jennings Bryant and Mary Beth Oliver.
250 ## - EDITION STATEMENT
Edition statement Third edition.
264 #1 - PUBLICATION, DISTRIBUTION, ETC. (IMPRINT)
Place of publication, distribution, etc New York ;
-- London :
Name of publisher, distributor, etc Routledge,
Date of publication, distribution, etc 2009.
300 ## - PHYSICAL DESCRIPTION
Extent xv, 640 pages :
Other physical details illustrations ;
Dimensions 27 cm.
336 ## - CONTENT TYPE
Content type term text
Source rdacontent
Content type code txt
337 ## - MEDIA TYPE
Media type term unmediated
Source rdamedia
Media type code n
338 ## - CARRIER TYPE
Carrier type term volume
Source rdacarrier
Carrier type code nc
490 0# - SERIES STATEMENT
Series statement Communication series. Communication theory and methodology
504 ## - BIBLIOGRAPHY, ETC. NOTE
Bibliography, etc Includes bibliographical references and indexes.
505 00 - FORMATTED CONTENTS NOTE
Title How the news shapes our civic agenda /
Statement of responsibility Maxwell McCombs, Amy Reynolds --
Title News framing theory and research /
Statement of responsibility David Tewksbury, Dietram A. Scheufele --
Title Growing up with television : cultivation processes /
Statement of responsibility Michael Morgan, James Shanahan, Nancy Signorielli --
Title Media consumption and perceptions of social reality : effects and underlying processes /
Statement of responsibility L. J. Shrum --
Title Media priming : an updated synthesis /
Statement of responsibility David R. Roskos-Ewoldsen, Beverly Roskos-Ewoldsen, Francesca Dillman Carpentier --
Title Social cognitive theory of mass communication /
Statement of responsibility Albert Bandura --
Title Mass media attitude change : implications of the elaboration likelihood model of persuasion /
Statement of responsibility Richard E. Petty, Pablo Briñol, Joseph R. Priester --
Title Uses-and-gratifications perspective on media effects /
Statement of responsibility Alan M. Rubin --
Title Where psychophysiology meets the media : taking the effects out of mass media research /
Statement of responsibility Annie Lang, Robert F. Potter, Paul Bolls --
Title Media and civic participation : on understanding and misunderstanding communication effects /
Statement of responsibility Dhavan V. Shah, Hernando Rojas, Jaeho Cho --
Title Political communication effects /
Statement of responsibility Douglas M. McLeod, Gerald M. Kosicki, Jack M. McLeod --
Title Mass media, social perception, and the third-person effect /
Statement of responsibility Richard M. Perloff --
Title Media violence /
Statement of responsibility Glenn G. Sparks, Cheri W. Sparks, Erin A. Sparks --
Title Fright reactions to mass media /
Statement of responsibility Joanne Cantor --
Title Effects of sex in the media /
Statement of responsibility Richard Jackson Harris, Christopher P. Barlett --
Title Effects of racial and ethnic stereotyping /
Statement of responsibility Dana Mastro --
Title Content patterns and effects surrounding sex-role stereotyping on television and film /
Statement of responsibility Stacy L. Smith, Amy D. Granados --
Title The effects of media on marketing communications /
Statement of responsibility David W. Stewart, Paul A. Pavlou --
Title Educational television and interactive media for children : effects on academic knowledge, skills, and attitudes /
Statement of responsibility Shalom M. Fisch --
Title Public communication campaigns : theoretical principles and practical applications /
Statement of responsibility Ronald E. Rice, Charles K. Atkin --
Title Effects of media on personal and public health /
Statement of responsibility Kim Walsh-Childers, Jane D. Brown --
Title Effects of media on eating disorders and body image /
Statement of responsibility Michael P. Levine, Kristen Harrison --
Title Individual differences in media effects /
Statement of responsibility Mary Beth Oliver, K. Maja Krakowiak --
Title Entertainment and enjoyment as media effects /
Statement of responsibility Peter Vorderer, Tilo Hartmann --
Title Effects of computer/video games and beyond /
Statement of responsibility Kwan Min Lee, Wei Peng, Namkee Park --
Title Effects of the Internet /
Statement of responsibility Carolyn A. Lin --
Title Effects of mobile communication /
Statement of responsibility Scott W. Campbell, Rich Ling.
650 #7 - SUBJECT ADDED ENTRY--TOPICAL TERM
Topical term or geographic name as entry element Mass media
Geographic subdivision United States
General subdivision Psychological aspects.
Source of heading or term BUEsh
650 #7 - SUBJECT ADDED ENTRY--TOPICAL TERM
Topical term or geographic name as entry element Mass media
General subdivision Social aspects
Geographic subdivision United States.
Source of heading or term BUEsh
650 #7 - SUBJECT ADDED ENTRY--TOPICAL TERM
Topical term or geographic name as entry element Mass media
General subdivision Political aspects
Geographic subdivision United States.
Source of heading or term BUEsh
650 #7 - SUBJECT ADDED ENTRY--TOPICAL TERM
Topical term or geographic name as entry element Mass media
Geographic subdivision United States
General subdivision Influence.
Source of heading or term BUEsh
655 ## - INDEX TERM--GENRE/FORM
Form subdivision Reading book
700 1# - ADDED ENTRY--PERSONAL NAME
Personal name Bryant, Jennings,
Relator term editor.
700 1# - ADDED ENTRY--PERSONAL NAME
Personal name Oliver, Mary Beth,
Relator term editor.
942 ## - ADDED ENTRY ELEMENTS (KOHA)
Source of classification or shelving scheme Dewey Decimal Classification
Koha item type Book - Borrowing
Holdings
Withdrawn status Lost status Source of classification or shelving scheme Damaged status Not for loan Collection code Home library Current library Shelving location Date acquired Source of acquisition Total Checkouts Full call number Barcode Date last seen Price effective from Koha item type
    Dewey Decimal Classification     Donation-Gift Central Library Central Library First floor 26/11/2025 Donation   302.23 MED 000057413 26/11/2025 26/11/2025 Book - Borrowing